000 00676nam a2200217Ia 4500
003 GCL
008 140319s9999 xx 000 0 ara d
020 _a9317802977
040 _aGCL /
_cGCL
082 0 4 _aط
_b001.2
_bد ك
100 1 _aعفاف محمد فؤاد
245 1 0 _aكتابك الاول عن : الثدييات /
_cعفاف محمد فؤاد
700 1 _aويليامسون ، مرجريت
700 1 _aاحمد زكى محمد
250 _aالرابعة
260 _aالقاهرة :
_bدار المعارف ،
_c1991
300 _a67 ص ؛
_c24 سم
490 _aكتابك الاول عن
_v4
650 0 4 _aالثدييات
942 _2ddc
_cBK
999 _c58732
_d58732